| 000 | 006330000a22001930004500 | ||
|---|---|---|---|
| 003 | LK-CoMWRAF | ||
| 008 | 230817t1987 ||||| |||| 00| 0 eng d | ||
| 020 | _a9555920052 | ||
| 040 |
_aLK-CoMWRAF _dLK-CoMWRAF _eLK-CoMWRAF |
||
| 041 | _aeng | ||
| 082 |
_a352.14 _bLOC |
||
| 111 |
_aNATIONAL WORKSHOP ON ' LOCAL GOVERNMENT IN SRI LANKA' _c( Colombo, Sri Lanka Foundation Institute _d23-24 th May, 1985) |
||
| 245 | _aLocal Government in Sri Lanka | ||
| 260 |
_aColombo: _bSri Lanka Foundation Institute, _c1987 |
||
| 300 | _a33 p. | ||
| 650 | _aLOCAL GOVERNMENT-Sri Lanka-Congresses | ||
| 700 |
_aGunewardena, Victor _eed. |
||
| 942 | _cCP | ||
| 999 |
_c307 _d307 |
||